[Event "II Young Stars of the World"]
[Site "Kirishi RUS"]
[Date "2004.06.23"]
[Round "6"]
[White "Potapov,P"]
[Black "Kuzubov,Y"]
[Result "0-1"]
[WhiteElo "2240"]
[BlackElo "2475"]

1.e4 c5 2.Nf3 Nc6 3.Nc3 g6 4.d4 cxd4 5.Nxd4 Bg7 6.Nde2 Nf6 7.g3 b5 8.Bg2 b4
9.Nd5 Ba6 10.Ne3 O-O 11.a3 Qa5 12.O-O Rab8 13.Bd2 Qh5 14.Nf4 Qxd1 15.Rfxd1 b3
16.cxb3 Rxb3 17.Bc3 d6 18.Rac1 Ne5 19.Ned5 Nxd5 20.Nxd5 Rb7 21.Rc2 Bd3 22.Rcd2 Bb5
23.b3 Bc6 24.Nb4 Bd7 25.Nd5 Be6 26.Bxe5 Bxe5 27.f4 Bxd5 28.Rxd5 Bb2 29.Ra5 Rxb3
30.Rxa7 e5 31.Ra5 Rc8 32.fxe5 dxe5 33.a4 Bd4+ 34.Kh1 Rb2 35.Rb5 Ra2 36.Rf1 Rcc2
37.Rb8+ Kg7 38.Rb7 Rxg2 39.Rfxf7+ Kh6 40.Rxh7+ Kg5  0-1

[Event "II Young Stars of the World"]
[Site "Kirishi RUS"]
[Date "2004.06.25"]
[Round "7"]
[White "Lintchevski,D"]
[Black "Potapov,P"]
[Result "1-0"]
[WhiteElo "2248"]
[BlackElo "2240"]

1.e4 c5 2.Nf3 Nc6 3.Nc3 e5 4.Bc4 Be7 5.d3 d6 6.Nd2 Nf6 7.Nf1 Nd7 8.Ne3 Nb6
9.O-O O-O 10.Ncd5 Bg5 11.c3 Kh8 12.Nxb6 axb6 13.Nd5 Bxc1 14.Rxc1 f5 15.f4 Bd7
16.Qh5 b5 17.Bxb5 Rxa2 18.Rb1 Ra5 19.Bxc6 Bxc6 20.fxe5 g6 21.Qe2 dxe5 22.Ne3 Bb5
23.c4 f4 24.b4 cxb4 25.Nd5 Bc6 26.Qb2 Qg5 27.h4 Qh5 28.Nxf4 Qh6 29.Qxb4 Rfa8
30.Ne6 Qe3+ 31.Kh1 Qh6 32.Qe7 Re8 33.Qf6+ Kg8 34.Rxb7  1-0

[Event "3rd Open"]
[Site "Rabat MAR"]
[Date "2004.06.26"]
[Round "2"]
[White "Karim,I"]
[Black "Ikonnikov,Vy"]
[Result "0-1"]
[WhiteElo "2178"]
[BlackElo "2556"]

1.e4 c5 2.Nf3 Nc6 3.Nc3 Nd4 4.Bc4 e6 5.O-O Ne7 6.Nxd4 cxd4 7.Nb5 Nc6 8.c3 Bc5
9.b4 Be7 10.Nxd4 Nxd4 11.cxd4 Bxb4 12.Qb3 Qa5 13.d5 O-O 14.d4 b5 15.Bd3 Bc3
16.Bb2 Bxb2 17.Qxb2 exd5 18.e5 a6 19.Qe2 Qb6 20.Rad1 d6 21.Kh1 dxe5 22.dxe5 Be6
23.f4 f5 24.exf6 Rxf6 25.Qh5 Rh6 26.Qe5 Rd8 27.Rc1 Bf7 28.Rf3 Re6 29.Qg5 Rde8
30.Qh4 h6 31.f5 Re3 32.Qf2 d4 33.Rf1 Qf6 34.Rg3 Rxg3 35.Qxg3 Bxa2 36.Qc7 Bd5  0-1

[Event "Summer IV"]
[Site "Alushta UKR"]
[Date "2004.06.27"]
[Round "13"]
[White "Purtov,A"]
[Black "Kuznetsov,Vi2"]
[Result "0-1"]
[WhiteElo "2432"]
[BlackElo "2375"]

1.e4 c5 2.Nc3 Nc6 3.Nge2 Nf6 4.g3 d5 5.exd5 Nd4 6.Nxd4 cxd4 7.Nb5 a6 8.Nxd4 e5
9.Qe2 Qxd5 10.Nf3 e4 11.d3 Bg4 12.Bg2 Bb4+ 13.c3 O-O 14.dxe4 Nxe4 15.O-O Rfe8
16.cxb4 Nxg3 17.Qxe8+ Rxe8 18.fxg3 f6 19.Bf4 g5 20.Rad1 Qxa2 21.Bc1 Qe6 22.Kh1 Bh3
23.Rfe1 Bxg2+ 24.Kxg2 Qc6 25.Rxe8+ Qxe8 26.Kf2 Qa4 27.Rd8+ Kf7 28.Bd2 Qc2
29.g4 Qxb2 30.Rd7+ Kg8 31.Rxb7 a5 32.Kg3 Qb3 33.b5 a4 34.b6 a3 35.Rb8+ Kg7
36.b7 Qb6 37.Ra8 Qc7+ 38.Kf2 Qxb7 39.Rxa3 Qd7 40.Be3 Qe6 41.Ra7+ Kg6  0-1

[Event "54th ch-RUS w"]
[Site "Kazan RUS"]
[Date "2004.06.30"]
[Round "2"]
[White "Stepovaia Dianchenko,T"]
[Black "Shumiakina,T"]
[Result "1/2-1/2"]
[WhiteElo "2362"]
[BlackElo "2337"]

1.e4 c5 2.Nf3 Nc6 3.Nc3 e5 4.Bc4 Be7 5.d3 d6 6.Nd2 Nf6 7.Nf1 Bg4 8.f3 Be6
9.Ne3 O-O 10.O-O Rb8 11.a3 Nd4 12.Ba2 b5 13.Ncd5 Nxd5 14.Nxd5 Bg5 15.Bxg5 Qxg5
16.c3 Nc6 17.b4 Qd8 18.f4 Ne7 19.Nxe7+ Qxe7 20.Bxe6 Qxe6 21.bxc5 dxc5 22.fxe5 Qxe5
23.Qc2  1/2-1/2

[Event "XX Franca Garcia Mem"]
[Site "Osasco BRA"]
[Date "2004.07.01"]
[Round "1"]
[White "Rodriguez,And URU"]
[Black "Matsuura,E"]
[Result "1/2-1/2"]
[WhiteElo "2556"]
[BlackElo "2473"]

1.e4 c5 2.Nc3 Nc6 3.Nge2 g6 4.d4 cxd4 5.Nxd4 Bg7 6.Nb3 Nf6 7.g4 d6 8.g5 Nd7
9.h4 Nc5 10.Nxc5 Bxc3+ 11.bxc3 dxc5 12.Qxd8+ Kxd8 13.h5 Rf8 14.Be3 b6 15.O-O-O+ Kc7
16.hxg6 hxg6 17.Bc4 Bg4 18.Rd2 Rad8 19.Bf4+ Kb7 20.Rh7 Rxd2 21.Kxd2 Nd8 22.Be5 Be6
23.Bg7 Rg8 24.Bxe6 Nxe6 25.Bh6 Nd8 26.f4 Kc6 27.Ke3 Kb5 28.Kd3 Kc6 29.Ke3 Kb5
30.f5 Kc4 31.Bg7 Nc6 32.Kf4 a5 33.Bh8 b5 34.Rxf7 gxf5 35.Bg7 fxe4 36.Kxe4 Nd8
37.Rxe7 Ne6 38.Bf6 Nxg5+ 39.Kf5 Nf3 40.Re4+ Kd5 41.Re3 Nh2 42.Re5+ Kc4 43.Re4+ Kd5
44.Be7 Rc8 45.c4+ bxc4 46.c3 Nf3 47.Re6 Rc6 48.Re3 Rc7 49.Kf6 Nd2 50.Re5+ Kc6
51.Rxc5+ Kb6 52.Re5 Rc6+ 53.Kf5 Rc8 54.Re2 Nf1 55.Kf4 Kb5 56.Re5+ Kb6 57.Re1 Nh2
58.Re2 Nf1 59.Rf2 Re8 60.Bf6 Rf8 61.Kg5 Rg8+ 62.Kf4 Rf8 63.Ke4 Ng3+ 64.Kd5 Ka6
65.Rg2 Rxf6 66.Rxg3 Kb5 67.Rg8 Rf5+ 68.Kd4 Rf4+ 69.Ke3 Rh4 70.Rg5+ Ka4 71.Rc5 Ka3
72.Rxa5+ Kb2 73.a4 Kxc3 74.Ra8 Kc2 75.a5 c3 76.a6 Ra4 77.a7 Ra6 78.Ke2 Re6+
79.Kf3 Ra6  1/2-1/2

[Event "Nova Open"]
[Site "Haarlem NED"]
[Date "2004.07.03"]
[Round "4"]
[White "Langedijk,A"]
[Black "Vroombout,E"]
[Result "0-1"]
[WhiteElo "2201"]
[BlackElo "2169"]

1.e4 c5 2.Nc3 Nc6 3.Nf3 g6 4.d4 cxd4 5.Nxd4 Bg7 6.Be3 Nf6 7.Bc4 d6 8.f3 O-O
9.Qd2 Bd7 10.O-O-O Qa5 11.Kb1 Rfc8 12.Bb3 Ne5 13.h4 Nc4 14.Bxc4 Rxc4 15.Nb3 Qc7
16.e5 dxe5 17.h5 Rxc3 18.bxc3 Rc8 19.hxg6 fxg6 20.Bg5 Be6 21.Bxf6 Bxf6 22.Rh6 a5
23.Qe3 a4 24.Nd2 Qd6 25.Re1 Qa3 26.c4 Qxe3 27.Rxe3 Bg5 28.Rxe5 Bxh6 29.Rxe6 Bxd2
30.Rxe7 Rxc4 31.Rxb7 Rb4+ 32.Rxb4 Bxb4 33.c4 Kf7 34.Kc2 Ke6 35.Kd3 Ke5 36.g3 h5
37.Ke3 Bc5+ 38.Kd3 g5 39.Kc3 h4  0-1

[Event "54th ch-RUS w"]
[Site "Kazan RUS"]
[Date "2004.07.03"]
[Round "4"]
[White "Kosintseva,N"]
[Black "Galliamova,A"]
[Result "1-0"]
[WhiteElo "2425"]
[BlackElo "2502"]

1.e4 c5 2.Nc3 Nc6 3.Bb5 e6 4.Bxc6 bxc6 5.d3 d6 6.Nf3 e5 7.Nd2 Ne7 8.O-O Ng6
9.Nc4 Be7 10.Ne3 O-O 11.Nf5 Bf6 12.Ne2 Ne7 13.Nxe7+ Qxe7 14.Ng3 g6 15.Bh6 Bg7
16.Bxg7 Kxg7 17.f4 exf4 18.Rxf4 Qe5 19.Qd2 Qxb2 20.Raf1 Rb8 21.e5 Rb4 22.exd6 Rxf4
23.Rxf4 Qa1+ 24.Kf2 Qe5 25.Qe3 Qxd6 26.Ne4 Qd5 27.Qxc5 Bf5 28.Qxa7 Bxe4 29.Rxe4 c5
30.Qe7 Kg8 31.Qe5 Qxa2 32.Qxc5 Qb2 33.Qc6 Qc1 34.h4 Qd2+ 35.Kg3 h5 36.d4 Kg7
37.Qc5 Rd8 38.Qe5+ Kg8 39.Qc5 Kg7 40.Kh2 Rd7 41.c4 Qd3 42.Qe5+ Kh7 43.d5 Rb7
44.Qd4 Qf1 45.Re8 f6 46.d6 Qf5 47.c5 g5 48.hxg5 Qxg5  1-0

[Event "54th ch-RUS w"]
[Site "Kazan RUS"]
[Date "2004.07.03"]
[Round "4"]
[White "Slavina,I"]
[Black "Shumiakina,T"]
[Result "1/2-1/2"]
[WhiteElo "2395"]
[BlackElo "2337"]

1.e4 c5 2.Nc3 Nc6 3.Bb5 Nd4 4.Bc4 g6 5.Nf3 Bg7 6.Nxd4 cxd4 7.Qf3 Nh6 8.Ne2 O-O
9.c3 dxc3 10.bxc3 Kh8 11.d4 d6 12.O-O Ng4 13.h3 Nf6 14.Bg5 Qa5 15.Bxf6 Bxf6
16.Nf4 Bg7 17.Rfe1 e6 18.Rab1 Rb8 19.h4 Bd7 20.Ne2 Kg8 21.Rb2 h6 22.Qg3 Qc7
23.Bd3 e5 24.dxe5 dxe5 25.h5 gxh5 26.Qh4 Bg4 27.f3 Qd8 28.Qxd8 Rfxd8 29.Bc4 Bd7
30.Rd1 Bc6 31.Rbd2 Bf6 32.Ng3 Bg5 33.Rd6 Rxd6 34.Rxd6 Rd8 35.Nf5 Kf8 36.Rxd8+ Bxd8
37.Nxh6 Be8 38.Bd5 b6 39.c4 Bg5 40.Nf5 Bd7 41.Nd6 f6 42.Kf2 Ke7 43.c5 bxc5
44.Nb7 h4 45.Nxc5 h3 46.gxh3 Bxh3 47.a4 Bd7 48.Bb3 Kd6 49.Nd3 f5 50.Kg3  1/2-1/2

[Event "Open A"]
[Site "Klatovy CZE"]
[Date "2004.07.03"]
[Round "1"]
[White "Stross,F"]
[Black "Zeman,M"]
[Result "1/2-1/2"]
[WhiteElo "2220"]
[BlackElo "1994"]

1.e4 c5 2.Nc3 Nc6 3.Bb5 Nd4 4.Bc4 e6 5.Nf3 a6 6.d3 b5 7.Bb3 Bb7 8.O-O Nxb3
9.axb3 d6 10.Ng5 h6 11.Nh3 Be7 12.f4 Bf6 13.f5 exf5 14.Rxf5 Ne7 15.Rf1 Bd4+
16.Kh1 d5 17.exd5 O-O 18.Ne2 Qxd5 19.Nhf4 Qd6 20.Nxd4 cxd4 21.c4 Ng6 22.Bd2 Rfe8
23.Qg4 Nxf4 24.Bxf4 Qc6 25.Rae1 Rxe1 26.Rxe1 Re8 27.Rxe8+ Qxe8 28.h4 h5 29.Qg3 f6
30.Kh2 Kf7 31.c5 Qe6  1/2-1/2

[Event "ch-SLO"]
[Site "Maribor SLO"]
[Date "2004.07.03"]
[Round "8"]
[White "Borisek,J"]
[Black "Lenic,L"]
[Result "1/2-1/2"]
[WhiteElo "2464"]
[BlackElo "2374"]

1.e4 c5 2.Nf3 Nc6 3.Nc3 e5 4.Bc4 d6 5.d3 Be7 6.Nd2 Bg5 7.Nf1 Bxc1 8.Rxc1 Nf6
9.Ne3 O-O 10.O-O Be6 11.Ncd5 Na5  1/2-1/2

[Event "TCh-GRE"]
[Site "Aghia Pelagia GRE"]
[Date "2004.07.04"]
[Round "1"]
[White "Marjanovic,Slavo"]
[Black "Dembo,Y"]
[Result "1/2-1/2"]
[WhiteElo "2470"]
[BlackElo "2423"]

1.e4 c5 2.Nf3 Nc6 3.Nc3 d6 4.d4 cxd4 5.Nxd4 Nf6 6.Bg5 e6 7.Qd2 Be7 8.O-O-O O-O
9.f4 Nxd4 10.Qxd4 Qa5 11.Bc4 Bd7 12.e5 dxe5 13.fxe5 Bc6 14.Bd2 Nd7 15.Nd5 Qc5
16.Nxe7+ Qxe7 17.Rhe1 Rfd8 18.Qg4 Nf8 19.Bd3 Rd5 20.Bb4 Qd8 21.g3 Ng6  1/2-1/2

[Event "GM"]
[Site "Brno CZE"]
[Date "2004.07.04"]
[Round "3"]
[White "Zawadzki,S"]
[Black "Kovchan,A"]
[Result "0-1"]
[WhiteElo "2428"]
[BlackElo "2497"]

1.e4 c5 2.Nc3 Nc6 3.Bb5 d6 4.Bxc6+ bxc6 5.f4 d5 6.d3 Nf6 7.e5 d4 8.Nce2 Nd5
9.Ng3 a5 10.a4 c4 11.dxc4 Nb4 12.Bd2 Qb6 13.Kf1 d3 14.Bxb4 dxc2 15.Qxc2 Qxb4
16.Nf3 Rb8 17.Rb1 Be6 18.Nd2 Rd8 19.Nge4 Bf5 20.Qc3 e6 21.Kf2 Bc5+ 22.Kf3 O-O
23.Qxb4 Bxb4 24.Nf1 Rd3+ 25.Ne3 Rfd8 26.Nf2 Rb3 27.Rbd1 Bd2 28.Rhe1 Bc2 29.Re2 Rxe3+  0-1

[Event "IMB"]
[Site "Brno CZE"]
[Date "2004.07.06"]
[Round "4"]
[White "Vyskocil,N"]
[Black "Savage,B"]
[Result "1-0"]
[WhiteElo "2305"]
[BlackElo "2204"]

1.e4 c5 2.Nf3 Nc6 3.Nc3 e5 4.Bc4 Be7 5.d3 d6 6.O-O Nf6 7.Ng5 O-O 8.f4 exf4
9.Bxf4 h6 10.Nf3 Be6 11.Bxe6 fxe6 12.Qd2 Qd7 13.Rae1 d5 14.exd5 exd5 15.Ne5 Nxe5
16.Bxe5 Ng4 17.Bf4 Bf6 18.h3 Bd4+ 19.Kh1 Nf6 20.b3 Nh5 21.Ne2 Rxf4 22.Rxf4 Nxf4
23.Nxf4 Bf6 24.Qf2 b6 25.Qf3 Rd8 26.Re2 Qf7 27.Nh5 Bd4 28.Qxf7+ Kxf7 29.g4 Rd6
30.Kg2 Re6 31.Rxe6 Kxe6 32.Nf4+ Kd6 33.Kf3 Bf6 34.Ng6 Ke6 35.h4 Bd8 36.Nf4+ Ke5
37.c3 Bf6 38.Ng6+ Ke6 39.c4 dxc4 40.dxc4 Kf7 41.h5 Ke6 42.Ke4 Bg5 43.Ne5 a5
44.Nf3 Be7 45.Nd2 Bg5 46.Nf1 Bc1 47.Ng3 Bb2 48.Nf5 Be5 49.Ne3 Bc7 50.Nd5 Bd8
51.a3 Kd6 52.Kf5 b5 53.a4 bxa4 54.bxa4 Bg5 55.Nc3 Be3 56.Ne4+ Kc6 57.Ke6 Bd4
58.Ng3 Bb2 59.Nf5 Bc3 60.Kf7 Bb2 61.Nxg7 Kd6 62.g5  1-0

[Event "19th North Sea Cup"]
[Site "Esbjerg DEN"]
[Date "2004.07.06"]
[Round "5"]
[White "Larsen,Pet"]
[Black "Johansen,J"]
[Result "1-0"]
[WhiteElo "2221"]
[BlackElo "1982"]

1.e4 c5 2.Nc3 Nc6 3.Bb5 g6 4.Bxc6 bxc6 5.d3 Bg7 6.Bd2 d6 7.f4 Nf6 8.Nf3 O-O
9.O-O Qb6 10.Na4 Qc7 11.Qe1 Rb8 12.Rb1 Bd7 13.b3 Qc8 14.Nb2 Ne8 15.Bc3 Nc7
16.Bxg7 Kxg7 17.a4 Kg8 18.Qh4 f6 19.e5 Nd5 20.exd6 exd6 21.Rbe1 Rf7 22.Nc4 Qc7
23.g4 Nxf4 24.g5 Nh3+ 25.Kh1 d5 26.gxf6 dxc4 27.Ne5 Be6 28.dxc4 Rd8 29.Qh6 Rd4
30.Nxf7 Qxf7 31.Rxe6  1-0

[Event "3rd Open"]
[Site "La Fere FRA"]
[Date "2004.07.06"]
[Round "5"]
[White "Gaponenko,I"]
[Black "Oudot,J"]
[Result "0-1"]
[WhiteElo "2448"]
[BlackElo "2090"]

1.e4 c5 2.Nf3 Nc6 3.Nc3 e5 4.Bc4 Be7 5.d3 Nf6 6.Nd2 d6 7.Nf1 Bg4 8.f3 Be6
9.Ne3 O-O 10.O-O Nd4 11.f4 Rb8 12.a4 exf4 13.Rxf4 Nd7 14.Ncd5 Bg5 15.Rf1 Ne5
16.Ba2 Bxe3+ 17.Nxe3 Qh4 18.c3 Ng4 19.h3 Nxe3 20.Bxe3 Nc6 21.Kh2 Ne5 22.Rf4 Qe7
23.Kh1 Ng6 24.Rf2 b6 25.Qf3 Rbc8 26.Qg3 Bxa2 27.Rxa2 c4 28.dxc4 Rxc4 29.Bd4 Qxe4
30.Qxd6 Qb1+ 31.Kh2 Qxa2 32.h4 Rxd4 33.Qxd4 Qe6 34.h5 Qe5+ 35.Qxe5 Nxe5 36.Re2 f6
37.Kg3 Kf7  0-1

[Event "ch-NED"]
[Site "Leeuwarden NED"]
[Date "2004.07.06"]
[Round "6"]
[White "Tiviakov,S"]
[Black "Van der Wiel,J"]
[Result "1-0"]
[WhiteElo "2593"]
[BlackElo "2526"]

1.e4 c5 2.Nc3 Nc6 3.Bb5 g6 4.Bxc6 dxc6 5.d3 Bg7 6.Be3 Qa5 7.Qd2 Be6 8.Nge2 Rd8
9.O-O Bc8 10.b3 h5 11.h3 b6 12.f4 f5 13.exf5 gxf5 14.Qe1 Rd6 15.Bd2 Qa6 16.Kh1 Re6
17.Qf2 Nf6 18.Rae1 Rh6 19.Nc1 Kf7 20.Rxe6 Bxe6 21.N3e2 Qc8 22.c4 Qh8 23.Qe1 Ne8
24.Ng1 Bc8 25.Nf3 Nc7 26.Ne2 Ne6 27.Ne5+ Ke8 28.Bc3 Bb7 29.Qf2 Qh7 30.Re1 Nd4
31.Bxd4 cxd4 32.Nxd4 c5 33.Ndf3 Rd6 34.Ng5 Qg8 35.Qe2  1-0

[Event "GP CG de l'Heralt"]
[Site "Montpellier FRA"]
[Date "2004.07.06"]
[Round "2"]
[White "Tan,D"]
[Black "Hamdouchi,H"]
[Result "0-1"]
[WhiteElo "2335"]
[BlackElo "2556"]

1.e4 c5 2.Nc3 Nc6 3.Bb5 Na5 4.Be2 a6 5.a4 d6 6.Nf3 Nf6 7.d4 cxd4 8.Nxd4 g6
9.O-O Bg7 10.Bg5 O-O 11.Nd5 Nxd5 12.exd5 Qb6 13.Be3 Qc7 14.Qd3 e5 15.dxe6 fxe6
16.Rad1 d5 17.Bg4 Re8 18.Bc1 e5 19.Bxc8 Raxc8 20.Nb3 d4 21.Nxa5 Qxa5 22.Qb3+ Kh8
23.c3 b5 24.axb5 axb5 25.Bd2 Qa4 26.Qxa4 bxa4 27.Ra1 Rc4 28.cxd4 exd4 29.Rfc1 Rxc1+
30.Rxc1 d3 31.Kf1 Bxb2  0-1

[Event "Proclient Cup"]
[Site "Olomouc CZE"]
[Date "2004.07.06"]
[Round "3"]
[White "Salai,L"]
[Black "Savage,B"]
[Result "1/2-1/2"]
[WhiteElo "2394"]
[BlackElo "2204"]

1.e4 c5 2.Nf3 Nc6 3.Nc3 e5 4.Bc4 Be7 5.d3 d6 6.Nd2 Nf6 7.Nf1 Be6 8.Ne3 O-O
9.O-O Qd7 10.Bd2 Bd8 11.Ncd5 Ng4 12.c3 Nxe3 13.Nxe3 Bg5 14.Nd5 Bxd2 15.Qxd2 Ne7
16.Nxe7+ Qxe7 17.Bxe6 Qxe6 18.f4  1/2-1/2

[Event "ch-BEL"]
[Site "Westerlo BEL"]
[Date "2004.07.06"]
[Round "4"]
[White "Marechal,A"]
[Black "Van Beers,E"]
[Result "1-0"]
[WhiteElo "2236"]
[BlackElo "2406"]

1.e4 c5 2.Nc3 Nc6 3.Bb5 Nd4 4.Bc4 e6 5.Nf3 Nf6 6.O-O a6 7.d3 d5 8.exd5 exd5
9.Nxd5 Nxd5 10.Nxd4 cxd4 11.Qh5 Ne7 12.Qxf7+ Kd7 13.Re1 Qa5 14.Bf4 Kd8 15.Re4 Bd7
16.Rae1 Kc8 17.Be6 Bxe6 18.Qxe6+ Kd8 19.Qd6+ Kc8 20.b4 Qd8 21.Qc5+ Nc6 22.Qf5+ Qd7
23.Re8+ Nd8 24.Rxf8 Qxf5 25.Rxf5 g6 26.Rc5+ Nc6 27.Re7 Rf8 28.Bg3  1-0

[Event "TCh-GRE"]
[Site "Aghia Pelagia GRE"]
[Date "2004.07.07"]
[Round "4"]
[White "Macieja,B"]
[Black "Chuchelov,V"]
[Result "1/2-1/2"]
[WhiteElo "2633"]
[BlackElo "2574"]

1.e4 c5 2.Nf3 Nc6 3.Nc3 e5 4.Bc4 Be7 5.d3 d6 6.O-O Nf6 7.Ng5 O-O 8.f4 Bg4
9.Qe1 exf4 10.Bxf4 Nd4 11.Qd2 Qd7 12.Be3 h6 13.Nf3 Nxf3+ 14.gxf3 Bh3 15.Rf2 Kh7
16.f4 Qg4+ 17.Kh1 Qh5 18.f5 b5 19.Bd5 b4 20.Ne2 Nxd5 21.Ng3 Qh4 22.exd5 Bf6
23.Rg1 Be5 24.Ne4 g6 25.Bf4 gxf5 26.Nxd6 Bxd6 27.Bxd6 Rg8 28.c4 bxc3 29.bxc3 Rxg1+
30.Kxg1 Re8 31.Bg3 Qg4 32.d6 h5 33.Rf4 Qg6 34.Qf2 Rb8 35.Qe1 Rb2 36.Rf2 Rb7
37.Rf4 Qxd6 38.Qd1 Qg6 39.d4 Rb2 40.Rf2 Rxf2 41.Kxf2 h4 42.Bb8 Qg2+ 43.Ke3 Bg4
44.Qe1 c4 45.Qxh4+ Kg6 46.Qf2 Qe4+ 47.Kd2 Qd3+ 48.Kc1 Qxc3+ 49.Kb1 Qb4+ 50.Qb2 Qe1+
51.Qc1 Qb4+ 52.Qb2 Qe1+ 53.Qc1 Qe4+ 54.Qc2 Qxd4 55.Bg3 Bd1 56.Qf2 Qd3+ 57.Kc1 c3
58.Bf4 Bg4 59.Qe1 Qc4 60.Be5 c2 61.Qc3 Qe2 62.Kb2 Bf3 63.Bf4 Qd1 64.Bc1 Be4
65.Qh8 f4 66.Qe5 Qd3 67.h4 Bf5 68.Qxf4 Qb5+ 69.Kc3 Qa5+ 70.Kb2 Qb6+ 71.Kc3 Qc5+
72.Kb2 f6 73.h5+ Kxh5 74.Qh6+ Kg4 75.Qf4+ Kh5 76.Qh6+ Kg4 77.Qf4+ Kh5  1/2-1/2

[Event "19th North Sea Cup"]
[Site "Esbjerg DEN"]
[Date "2004.07.07"]
[Round "6"]
[White "Skytte,R"]
[Black "Larsen,Pet"]
[Result "1/2-1/2"]
[WhiteElo "2403"]
[BlackElo "2221"]

1.e4 c5 2.Nc3 Nc6 3.Bb5 Nd4 4.Bc4 e6 5.Nge2 Nf6 6.O-O a6 7.a4 Nxe4 8.Nxd4 cxd4
9.Nxe4 d5 10.Bd3 dxe4 11.Bxe4 Bd6 12.f4 O-O 13.Qf3 Rb8 14.b3 Qc7 15.Bb2 Bc5
16.Kh1 g6 17.Rae1 Bd7 18.Qg3 Rbe8 19.h3  1/2-1/2

[Event "54th ch-RUS w"]
[Site "Kazan RUS"]
[Date "2004.07.07"]
[Round "8"]
[White "Kosintseva,T"]
[Black "Shumiakina,T"]
[Result "1-0"]
[WhiteElo "2451"]
[BlackElo "2337"]

1.e4 c5 2.Nc3 Nc6 3.Bb5 Nd4 4.Bc4 g6 5.Nf3 Bg7 6.Nxd4 cxd4 7.Qf3 Nh6 8.Ne2 O-O
9.d3 Ng4 10.Bb3 d6 11.O-O Ne5 12.Qg3 Nd7 13.f4 Nc5 14.f5 Nxb3 15.cxb3 Qa5
16.Qh4 gxf5 17.exf5 Qe5 18.Ng3 Bf6 19.Qh5 Bd7 20.Bh6 Rfc8 21.Rae1 Qd5 22.Ne4 Qe5
23.Ng5 Qd5 24.Rf3 Bxf5 25.Rxf5 Qxf5 26.Qxf7+ Kh8 27.Bg7+  1-0

[Event "54th ch-RUS w"]
[Site "Kazan RUS"]
[Date "2004.07.07"]
[Round "8"]
[White "Stepovaia Dianchenko,T"]
[Black "Kosintseva,N"]
[Result "0-1"]
[WhiteElo "2362"]
[BlackElo "2425"]

1.e4 c5 2.Nf3 Nc6 3.Nc3 g6 4.d4 cxd4 5.Nxd4 Bg7 6.Be3 Nf6 7.f3 O-O 8.Bc4 Qb6
9.Bb3 Ng4 10.fxg4 Bxd4 11.Bxd4 Qxd4 12.Qxd4 Nxd4 13.O-O-O Nxb3+ 14.axb3 d6
15.g5 Be6 16.Nd5 Bxd5 17.exd5 f6 18.gxf6 exf6 19.Rhe1 Rfe8 20.Re6 Rxe6 21.dxe6 Rd8
22.Rd4 Kf8 23.Rc4 Re8 24.Ra4 a6 25.Rb4 Rxe6 26.Kd2 b5 27.Rf4 Ke7 28.b4 d5
29.Rf3 f5 30.Rc3 Kd6 31.Ra3 Ke5 32.Re3+ Kf6 33.Rd3 Rd6 34.Re3 f4 35.Re8 Re6
36.Rf8+ Ke5 37.Kd3 g5 38.Rf7 h6 39.h3 Rf6 40.Re7+ Kd6 41.Ra7 f3 42.gxf3 Rxf3+
43.Kd4 Rf4+ 44.Ke3 Rh4 45.Rxa6+ Ke5 46.Rb6 Rxh3+ 47.Kf2 Rh2+ 48.Ke3 Rxc2
49.Rxh6 Rxb2 50.Rg6 Rb3+ 51.Ke2 Kf5 52.Rd6 Ke4 53.Rg6 Rxb4 54.Rxg5 Rb2+ 55.Kd1 Kd4
56.Rg8 b4 57.Kc1 Rh2 58.Rc8 Kd3 59.Rb8 Kc3 60.Rc8+ Kd3 61.Rb8 d4 62.Rg8 b3
63.Rb8 Rh1+ 64.Kb2 Kd2 65.Rxb3 d3 66.Rb8 Ke2 67.Re8+ Kd1 68.Rg8 d2  0-1

[Event "Open A"]
[Site "Klatovy CZE"]
[Date "2004.07.07"]
[Round "5"]
[White "Stross,F"]
[Black "Novy,V"]
[Result "1-0"]
[WhiteElo "2220"]
[BlackElo "2093"]

1.e4 c5 2.Nc3 Nc6 3.Bb5 Nd4 4.Bc4 g6 5.Nf3 Bg7 6.Nxd4 cxd4 7.Qf3 e6 8.Nb5 d6
9.Qa3 Ke7 10.c3 dxc3 11.dxc3 a6 12.Nd4 Qc7 13.Be2 Nf6 14.e5 Ne8 15.Nb5 Qc6
16.Bf4 axb5 17.Qxa8 dxe5 18.Be3 f5 19.Bxb5 Qxg2 20.O-O-O Nc7 21.Qa3+ Kf7
22.Qc5 Nd5 23.Rhg1 Qe4 24.Rxd5  1-0

[Event "Open A"]
[Site "Klatovy CZE"]
[Date "2004.07.07"]
[Round "5"]
[White "Kasik,M"]
[Black "Novak,Jar"]
[Result "1/2-1/2"]
[WhiteElo "1927"]
[BlackElo "2005"]

1.e4 c5 2.Nf3 Nc6 3.Nc3 g6 4.Bc4 Bg7 5.a3 a6 6.d3 b5 7.Bd5 Bb7 8.Bxc6 Bxc6
9.O-O Nf6 10.Re1 O-O 11.h3 d6 12.Ne2 Nh5 13.g4 Nf6 14.Ng3 e5 15.Nh2 Ne8 16.Kg2 Nc7
17.Bd2 Ne6 18.c3 Nf4+ 19.Bxf4 exf4 20.Ngf1 f5 21.f3 fxg4 22.hxg4 Qh4 23.Qd2 h5
24.Qf2 Qg5 25.Kh1 h4 26.Rac1 Qf6 27.Rc2 g5 28.Rce2 Rfe8 29.Rd1 Qf7 30.Qe1 Rab8
31.Qd2 a5 32.Qc2 b4 33.axb4 axb4 34.c4 Ra8 35.b3 Ra3 36.Rb1 Rea8 37.Qd1 R8a6
38.Rc2 Bc3 39.Nd2 Qg7 40.Nhf1 Qd4 41.Qe2 Ra7 42.Kg2 h3+ 43.Kh2 R3a6 44.Rd1 Qh8
45.Qf2 Bd4 46.Qe1 Rh7 47.Rb1 Rh4 48.Qe2 Qe5 49.Qe1 Bd7 50.Rd1 Ra7 51.Rdc1 Bc3
52.Qf2 Qh8 53.Qe2 Be5 54.Qd1 Kf7 55.Nb1 Qc8 56.Kh1 Kg6 57.Nh2 Qh8 58.Qe2 Qa8
59.Qd2 Bd4 60.Qe2  1/2-1/2

[Event "Open"]
[Site "Olomouc CZE"]
[Date "2004.07.07"]
[Round "3"]
[White "Kuziola,M"]
[Black "Arutinian,D"]
[Result "0-1"]
[WhiteElo "2248"]
[BlackElo "2433"]

1.e4 c5 2.Nf3 Nc6 3.Nc3 d6 4.d4 cxd4 5.Nxd4 Nf6 6.Nb3 g6 7.Be2 Bg7 8.O-O O-O
9.Re1 a5 10.a4 Be6 11.Bg5 Bxb3 12.cxb3 h6 13.Bh4 e6 14.Bc4 Nb4 15.Qe2 Qb6
16.Rad1 Rad8 17.Nb5 d5 18.e5 Nd7 19.Bxd8 Rxd8 20.Bd3 Nxe5 21.Bb1 Nec6 22.Rd2 e5
23.Qg4 h5 24.Qg5 Qc5 25.Rde2 Qf8 26.f3 d4 27.Rd1 Bh6 28.Qh4 Nd5 29.Qe1 Ne3
30.Rc1 Nb4 31.Rc7 d3 32.Rf2 Ned5 33.Rc4 d2 34.Rxd2 Bxd2 35.Qxd2 Nb6 36.Qe2 Nxc4
37.bxc4 Qc5+ 38.Kf1 b6 39.Nc3 Qd4 40.Be4 Qd2 41.Bd5 Qxe2+ 42.Kxe2 Kg7 43.Ke3 f5
44.g3 Kf6 45.Ke2 h4 46.g4 Kg5 47.gxf5 gxf5 48.Ke3 Kf6 49.Ke2 Ke7 50.b3 Rg8
51.Kf1 h3  0-1

[Event "Skanska Cup"]
[Site "Olomouc CZE"]
[Date "2004.07.07"]
[Round "5"]
[White "Biolek,R2"]
[Black "Balabaev,T"]
[Result "1-0"]
[WhiteElo "2451"]
[BlackElo "2454"]

1.e4 c5 2.Nf3 Nc6 3.Nc3 Nf6 4.Bb5 Qc7 5.O-O Nd4 6.Re1 a6 7.Bf1 Ng4 8.g3 Nxf3+
9.Qxf3 Ne5 10.Qd1 e6 11.f4 Nc6 12.d3 Be7 13.Bg2 O-O 14.Be3 b6 15.Qd2 Bb7
16.Ne2 Rad8 17.d4 cxd4 18.Nxd4 Rc8 19.Nxc6 dxc6 20.e5 Rfd8 21.Qf2 c5 22.Rad1 Bxg2
23.Qxg2 Rxd1 24.Rxd1 Rd8 25.Rxd8+ Qxd8 26.Qf3 Qd5 27.Qxd5 exd5 28.f5 Bd8
29.Kf2 Kf8 30.Kf3 Ke8 31.c4 d4 32.Bd2 Kd7 33.Ke4 Kc6 34.b3 Be7 35.h4 h5 36.Be1 Bd8
37.Bd2 Be7 38.Kf3 Bd8 39.g4 hxg4+ 40.Kxg4 g6 41.h5 gxh5+ 42.Kxh5 Kd7 43.Kh6 Bc7
44.Kg7 Ke8 45.Bf4 Bd8 46.f6 d3 47.e6  1-0

[Event "IMB"]
[Site "Brno CZE"]
[Date "2004.07.08"]
[Round "6"]
[White "Vyskocil,N"]
[Black "Arzumanian,G"]
[Result "1/2-1/2"]
[WhiteElo "2305"]
[BlackElo "2433"]

1.e4 c5 2.Nf3 Nc6 3.Nc3 d6 4.d4 cxd4 5.Nxd4 Nf6 6.Bg5 Qb6 7.Nb3 e6 8.Bd3 a6
9.O-O Be7 10.Qe2 O-O 11.Rae1 Nd7 12.Qh5 Bxg5 13.Qxg5 Qd8 14.Qg3 Nf6 15.f4 e5
16.f5 b5 17.Qf3 h6 18.Rd1 Bb7 19.Nd5 Nd4 20.Nxf6+ Qxf6 21.Qe3 Nxb3 22.axb3 Rfd8
23.c4 Qg5 24.Qxg5 hxg5 25.Kf2 bxc4 26.bxc4 Kf8 27.Ke3 Ke7 28.b4 Rdb8 29.Ra1 Bc6
30.Rfb1 Rb6 31.b5 axb5 32.cxb5 Rxa1 33.Rxa1 Bb7 34.Bc4 f6 35.Ra7 Kd8 36.g4 Kc7
37.Kd3 Kb8 38.Ra2 Bc8 39.h4 gxh4 40.Rh2 Bd7 41.Rxh4 Bxb5 42.Rh8+ Kc7 43.Rh7 Kc6
44.Rxg7 Bxc4+ 45.Kxc4 Rb1 46.Rg6 Rg1 47.Kd3 Kd7 48.Ke3 Ke7 49.Kf2 Ra1 50.Rg7+ Ke8
51.Rb7 Ra2+ 52.Kg3 Ra4 53.Kf3 Ra3+ 54.Kf2 Ra4 55.Ke3 Ra3+ 56.Kf2  1/2-1/2

[Event "54th ch-RUS w"]
[Site "Kazan RUS"]
[Date "2004.07.08"]
[Round "9"]
[White "Slavina,I"]
[Black "Kovalevskaya,E"]
[Result "0-1"]
[WhiteElo "2395"]
[BlackElo "2467"]

1.e4 c5 2.Nc3 Nc6 3.Bb5 Nd4 4.Bc4 e6 5.Nf3 Nf6 6.O-O a6 7.Re1 b5 8.Bf1 Bb7
9.d3 Nxf3+ 10.Qxf3 Be7 11.a4 b4 12.Nb1 O-O 13.Qg3 Ne8 14.Nd2 f5 15.e5 g5
16.f4 Kh8 17.fxg5 Bxg5 18.Nf3 Bxc1 19.Raxc1 Rg8 20.Qf2 Ng7 21.Qh4 Bxf3 22.Qxd8 Raxd8
23.gxf3 Nh5+ 24.Kf2 Nf4 25.c3 bxc3 26.bxc3 Rb8 27.Rb1 Nd5 28.c4 Nc3 29.Rxb8 Rxb8
30.Rc1 Nxa4 31.Ra1 Nc3 32.Rxa6 f4 33.Ra1 Rb2+ 34.Ke1 Na2 35.d4 cxd4 36.Rd1 Nb4
37.Rd2 Rxd2 38.Kxd2 Kg7 39.c5 Nc6 40.Kd3 Nxe5+ 41.Ke4 Kf6 42.Kxf4 Nf7 43.h4 Nd8
44.Ke4 e5 45.f4 exf4 46.Kxf4 Ne6+ 47.Ke4 Nxc5+ 48.Kxd4 Ne6+ 49.Kd5 Ke7 50.Ke5 Ng7
51.Bd3 h6 52.Bc2 d6+ 53.Kd5 Ne6 54.Ke4 Ng7 55.Bb3 Kf6 56.Kd5 Nf5 57.Ba4 Ke7
58.h5 Ng7 59.Bd1 Ne8 60.Ke4 Ke6 61.Bb3+ Kf6 62.Kd5 Ke7 63.Ke4 Ng7 64.Kd5 Ne6
65.Bd1 Nc7+ 66.Kc6 Ne8 67.Kd5 Nf6+ 68.Kd4 Ke6 69.Bf3 Kf5 70.Be2 Kf4 71.Bd1 Kg5
72.Bf3 Nxh5 73.Kd5 Nf6+ 74.Kxd6 Kf4 75.Be2 Ng4 76.Kd5 h5 77.Kd4 h4 78.Kd3 Ne3
79.Kd2 h3 80.Bb5 Ng2 81.Bc6 Kg3  0-1

[Event "3rd Open"]
[Site "La Fere FRA"]
[Date "2004.07.08"]
[Round "8"]
[White "Sebe Vodislav,F"]
[Black "Bardoux,T"]
[Result "0-1"]
[WhiteElo "2298"]
[BlackElo "2120"]

1.e4 c5 2.Nc3 Nc6 3.Nf3 d6 4.d4 cxd4 5.Nxd4 Nf6 6.Be2 e5 7.Nf3 Be7 8.O-O O-O
9.Bg5 Be6 10.Bxf6 Bxf6 11.Nd5 Bxd5 12.Qxd5 Qc7 13.c3 Rad8 14.Rfd1 Ne7 15.Qb3 Qc6
16.Nd2 a6 17.Bf3 Bg5 18.Nc4 b5 19.Na5 Qc7 20.Qb4 f5 21.exf5 d5 22.a4 e4 23.Be2 Bf4
24.axb5 Bxh2+ 25.Kh1 axb5 26.Bg4 Rf6 27.Nb7 Rb8 28.Nc5 Bd6 29.Na6 Rh6+ 30.Bh3 Qc8
31.Qd4 Qxf5 32.Nxb8 Rxh3+ 33.Kg1 Bh2+ 34.Kf1 e3 35.Rd2 Be5 36.Nc6 Rh1+  0-1